000
00205 a2200097 4500
001
4500
100
_a
Smith,S.P
245
_a
Problems in electrical engg
260
_a
_b
Constable
_c
090
_c
3698
_d
3698
942
_a
NUST-CAE
_c
M
_c
29931
999
_c
239573
_d
239573